Introducing CommunicationTtheory : analysis and application (Record no. 10810)

MARC details
000 -LEADER
fixed length control field 00576nam a2200193 a 4500
020 ## - INTERNATIONAL STANDARD BOOK NUMBER
ISBN 0073385077 (paperback)
020 ## - INTERNATIONAL STANDARD BOOK NUMBER
ISBN 9780073385075 (paperback)
082 ## - DEWEY DECIMAL CLASSIFICATION NUMBER
Classification number 003.54WES
100 1# - MAIN ENTRY--AUTHOR NAME
Personal name West, Richard.
245 10 - TITLE STATEMENT
Title Introducing CommunicationTtheory : analysis and application
250 ## - EDITION STATEMENT
Edition statement 2nd ed.
260 ## - PUBLICATION, DISTRIBUTION, ETC. (IMPRINT)
Place of publication [S.l.] :
Name of publisher McGraw-Hill Humanities/Social Sciences/Languages,
Year of publication 2009.
300 ## - PHYSICAL DESCRIPTION
Number of Pages 640 p. ;
650 ## - SUBJECT ADDED ENTRY--TOPICAL TERM
Topical Term Communication
650 ## - SUBJECT ADDED ENTRY--TOPICAL TERM
Topical Term Information theory
700 1# - ADDED ENTRY--PERSONAL NAME
Personal name Turner, Lynn.
856 40 - ELECTRONIC LOCATION AND ACCESS
Uniform Resource Identifier http://10.10.170.122:8080/browse/book/18346
942 ## - ADDED ENTRY ELEMENTS (KOHA)
Koha item type Books
Holdings
Withdrawn status Lost status Collection code Home library Current library Date acquired Cost, normal purchase price Full call number Accession Number Koha item type
    Reference Reference Section Reference Section 02/10/2014 500.00 003.54WES (Shelf-01E) 34030 Books